000 00333nam a2200121Ia 4500
008 190216s9999||||xx |||||||||||||| ||und||
100 _aLohit Datta-Barua
245 0 _aDigital Computers Maintainance And Repair
260 _bTata Mcgraw Hill Publishing Company Ltd
_c1988
300 _a150p
650 _aComputer Science
942 _cBK
999 _c8397
_d8397